|
|
|
|
| LEADER |
00000nam a2200000Ia 4500 |
| 008 |
180829b1996 cl ||||| |||| 00| | spa d |
| 999 |
|
|
|c 2061
|d 2061
|
| 090 |
|
|
|a 12.07.02
|b 77
|
| 100 |
|
|
|a Ravitch, Diane
|9 4163
|
| 245 |
1 |
0 |
|a Estándares nacionales en la educación /
|c Diane Ravitch
|
| 260 |
|
|
|a Santiago, Chile :
|b PREAL,
|c 1996
|
| 300 |
|
|
|a 30 páginas
|
| 500 |
|
|
|a Esta es una versión resumida del libro de Diane Ravitch, "National Standards in American Education A Citizen's Guide". La traducción al castellano fue realizada por Verónica Knapp
|
| 650 |
1 |
4 |
|a EDUCACIÓN PRIMARIA
|9 367
|
| 650 |
1 |
4 |
|a NORMAS
|9 2205
|
| 650 |
1 |
4 |
|a PLANIFICACIÓN DE LA EDUCACIÓN
|9 124
|
| 942 |
|
|
|i 00959
|h 12.07.02 77
|2 z
|c 01
|